Statistiques concernant Lieux principaux de One Piece

Cliquez ici pour prendre le quiz!

Statistiques générales

  • Ce quiz a été pris 5 875 fois
    (1 119 depuis la dernière actualisation)
  • Le résultat moyen est 16 sur 29

Statistiques - réponses

Ile% Correct
Pays des Wa
86%
Alabasta
85%
Marineford
83%
Dressrosa
78%
Water Seven
75%
Enies Lobby
70%
Archipel des Sabaody
69%
Impel Down
69%
Totland
68%
Zo
68%
Punk Hazard
65%
Thriller Bark
65%
Baratie
63%
Skypiea
61%
Cocoyashi / Arlong Park
60%
Île de Drum
59%
Ile des Hommes-Poissons
56%
Amazon Lily
55%
Logue Town
54%
Île d'Egg Head
50%
Jaya
43%
Little Garden
42%
Village de Sirop
41%
Village d'Orange
41%
Whiskey Peak
30%
Long Ring Long Land
26%
Reverse Mountain
17%
Shell Island
16%
Ruskaina
8%

Distribution des résultats

Percentile par nombre de réponses

% des personnes avec chaque résultat

Votre développement - résultats

Vous n’avez pas pris ce quiz depuis la dernière actualisation